000 00303nam a22001337a 4500
008 190305b xxu||||| |||| 00| 0 eng d
020 _a9780618776122
041 _aeng
080 _27th
_a941
100 _a18
101 _aSHH
245 _aThe Brief American Pageant
_cKennedy,D.M
942 _2udc
_cBK
999 _c54573
_d54573